Memoria e imaginario sobre o futebol brasileiro: un caso de discurso cristalizado /
Сохранить в:
| Главный автор: | |
|---|---|
| Другие авторы: | |
| Формат: | Текст |
| Опубликовано: |
Río Janeiro:
s.e
|
| Предметы: | |
| Метки: |
Добавить метку
Нет меток, Требуется 1-ая метка записи!
|
MARC
| LEADER | 00000 a a2200000 04500 | ||
|---|---|---|---|
| 001 | 32874 | ||
| 003 | |||
| 040 | |||
| 090 | |a 205200 | ||
| 100 | |a Carmono Salles, José Geraldo do | ||
| 245 | |a Memoria e imaginario sobre o futebol brasileiro: un caso de discurso cristalizado / |c José Geraldo do Carmono Salles | ||
| 260 | |a Río Janeiro: |b s.e | ||
| 300 | |a 12 p. | ||
| 500 | |a Resumen también en inglés | ||
| 650 | |a FUTBOL | ||
| 650 | |a REPRESENTACION SOCIAL | ||
| 650 | |a DISCURSOS | ||
| 650 | |a ANALISIS DE CONTENIDO | ||
| 650 | |a CULTURA POPULAR | ||
| 650 | |a CREENCIA | ||
| 650 | |a MOVILIDAD SOCIAL | ||
| 650 | |a BRASIL | ||
| 700 | |a G. Soares, Antonio Jorge | ||
| 999 | |c 2261 |d 2261 | ||
